Diversification and the competitiveness of the Singapore shipbuilding and shiprepair industry /
Saved in:
| Main Author: | |
|---|---|
| Format: | Thesis Book |
| Language: | English |
| Published: |
1993.
|
| Subjects: | |
| Tags: |
Add Tag
No Tags, Be the first to tag this record!
|
| LEADER | 00874cam a2200253 a 4500 | ||
|---|---|---|---|
| 001 | u338031 | ||
| 003 | SIRSI | ||
| 008 | 931020s1993 si v 00 1 eng m | ||
| 035 | |a ABQ-3756 | ||
| 040 | |a UMM | ||
| 043 | |a a-si--- | ||
| 090 | |a VM299.7 |b S55Ong | ||
| 100 | 1 | 0 | |a Ong, Gin Lip. |
| 245 | 1 | 0 | |a Diversification and the competitiveness of the Singapore shipbuilding and shiprepair industry / |c by Ong Gin Lip. |
| 260 | |c 1993. | ||
| 300 | |a vii, 78 leaves ; |c 30 cm. | ||
| 502 | |a Dissertation (M.B.A.) -- National University of Singapore, 1993. | ||
| 504 | |a Bibliography: leaves 73-78. | ||
| 650 | 0 | |a Shipbuilding industry |z Singapore. | |
| 650 | 0 | |a Shipyards |z Singapore. | |
| 650 | 0 | |a Diversification in industry |z Singapore. | |
| 948 | |a 20/10/1993 |b 20/08/2002 | ||
| 596 | |a 1 | ||
| 999 | |a VM299.7 S55ONG |w LC |c 1 |i A504482180 |d 15/11/1995 |l STACKS |m P01UTAMA |n 1 |r Y |s Y |t TESIS |u 30/12/1993 | ||
